| 000 | 01023nam a22002417a 4500 | ||
|---|---|---|---|
| 999 |
_c1529 _d1529 |
||
| 003 | AR-CdUCM | ||
| 008 | 190227b ||||| |||| 00| 0 spa d | ||
| 040 |
_aMUNICIPALIDAD PROVINCIAL DEL CUSCO _cBIBLIOTECA MUNICIPAL DEL CUSCO |
||
| 041 | _hrus | ||
| 082 |
_a335.412 / _bR91 _22ed. |
||
| 100 |
_aRubin, Isaak Illich _95759 |
||
| 245 | _aEnsayos sobre la teoría marxista del valor / | ||
| 260 |
_aMéxico : _bPasado y presente, _bSiglo XXI editores, _c1977. |
||
| 300 |
_a356 páginas ; _bdiagramas, _c21 cm. |
||
| 440 |
_aCuadernos de Pasado y Presente. _n53 _95760 |
||
| 505 | _aContenido: Teoría marxista del fetichismo de la mercancía -- el proceso de producción y su forma social -- relaciones de producción y categoría material -- la teoría del valor-trabajo de Marx -- el trabajo social ... | ||
| 650 |
_aMarxismo _924 |
||
| 650 |
_aEconomía del trabajo _95761 |
||
| 650 |
_aProducción (teoría económica) _95762 |
||
| 700 |
_aMíguez, Néstor (traducción) _95763 |
||
| 942 |
_2ddc _cLIBROS |
||
| 945 | _aachl | ||